| 000 | 00347nam a22001457a 4500 | ||
|---|---|---|---|
| 020 | _a978-1-471-83569-8 | ||
| 082 | _a650 | ||
| 100 | _aMarcouse, Ian | ||
| 245 | _aAQA Business for A-level | ||
| 260 |
_aLondon: _bHodder Education, _c2015 |
||
| 300 | _av, 656p.: ill.; 27cm | ||
| 700 | _aHammond, Andrew | ||
| 700 | _aWatson, Nigel | ||
| 942 | _cBK | ||
| 999 |
_c22225 _d22225 |
||